000
00386nam a22001577a 4500
003
MPLRDC
005
20220104123752.0
008
210129b ||||| |||| 00| 0 eng d
082
_a
414.8 NJZY
100
_a
南京中医学院主编
245
_a
中医方剂学讲义
_c
260
_a
_b
医药卫生出版社
_c
1973
300
_b
平
650
_a
医话
942
_c
BK
_o
414.8 NJZY
999
_c
14041
_d
14031